| 000 | 00469nam a2200157Ia 4500 | ||
|---|---|---|---|
| 005 | 20240430042220.0 | ||
| 008 | 240331s9999 xx 000 0 und d | ||
| 082 |
_bKUR _a331.62 |
||
| 100 | _aKurian, Rachel | ||
| 245 | 0 |
_aState, capital and labour in the plantation industry in Sri Lanka 1834-1984 : _bThesis _cRachel, Kurian |
|
| 260 |
_aHoek spui _bGeboren te trichur ( india) _c1989 |
||
| 300 | _axxv, 405 p ., | ||
| 650 | _aEconomic | ||
| 650 | _aLabour | ||
| 942 | _cL | ||
| 999 |
_c2730 _d2730 |
||